| 000 | 00472nam a22001817a 4500 | ||
|---|---|---|---|
| 003 | CEME | ||
| 005 | 20210628202425.0 | ||
| 008 | 210122b xxu||||| |||| 00| 0 eng d | ||
| 020 | _a81-242-0425-X | ||
| 040 | _c. | ||
| 082 | _a658.8 YAD | ||
| 100 |
_aYadin, Daniel _959845 |
||
| 245 | _aCreative marketing communications | ||
| 260 |
_aNEW DELHI _bCRESENT PUBLISHING HOUSE _c2004 |
||
| 300 | _aVI,278 P | ||
| 650 |
_aMARKETING COMMUNICATIONS _958360 |
||
| 942 |
_cBK _2ddc |
||
| 999 |
_c569730 _d569730 |
||